北海道の廃線 - Statistics

General Stats
  • This quiz has been taken 72 times
  • The average score is 26 of 39
Answer Stats
廃止日 路線名 区間 % Correct
2019/4/1 石勝線夕張支線 新夕張〜夕張
96%
2021/4/1 日高本線 鵡川〜様似
96%
2016/12/5 留萌本線 留萌〜増毛
94%
2023/4/1 留萌本線 石狩沼田〜留萌
94%
1972/6/19 札沼線 新十津川〜石狩沼田
92%
2020/5/7 札沼線 北海道医療大学〜新十津川
92%
1989/5/1 名寄本線 名寄〜遠軽
90%
2024/4/1 根室本線 富良野〜新得
90%
1989/5/1 天北線 音威子府〜南稚内
88%
1987/3/30 国鉄 羽幌線 留萌〜羽幌
86%
2014/5/12 江差線 木古内〜江差
86%
1987/2/2 広尾線 帯広〜広尾
84%
2006/4/21 池北線 北見〜池田1989/6/4北海道ちほく高原鉄道に移管後廃止
84%
1985/7/1 興浜北線 浜頓別〜北見枝幸
82%
1985/7/15 興浜南線 興部〜雄武
82%
1995/9/4 深名線 深川〜名寄
80%
1988/2/1 松前線 木古内〜松前
75%
1989/4/30 標津線 標茶〜根室標津
75%
1985/11/1 胆振線 伊達紋別〜倶知安
73%
1987/3/20 湧網線 中湧別〜網走
69%
1987/3/23 士幌線 帯広〜十勝三股
69%
1983/10/23 白糠線 白糠〜北進
67%
1987/3/16 瀬棚線 国縫〜瀬棚
67%
1988/4/25 歌志内線 砂川〜歌志内
67%
1994/5/16 函館本線上砂川支線 砂川〜上砂川
67%
1985/9/17 美幸線 美深〜仁宇布
65%
1985/7/1 岩内線 小沢〜岩内
63%
1970/12/1 国鉄 根北線 斜里〜越川
61%
1985/4/1 万字線 志文〜万字炭山
57%
1985/4/1 渚滑線 渚滑〜北見滝ノ上
55%
1985/4/1 相生線 美幌〜北見相生
55%
1987/7/13 JR北海道 幌内線 岩見沢〜幾春別
49%
1985/11/5 手宮線 南小樽〜手宮
45%
1986/11/1 富内線 鵡川〜日高町
45%
1989/5/1 名寄本線湧別支線 中湧別〜湧別
35%
1989/4/30 標津線厚床支線 中標津〜厚床
25%
1973/9/9 函館本線南美唄支線 美唄〜南美唄
18%
1981/6/30 夕張線登川支線 紅葉山〜登川
8%
1976/10/2 函館本線大町支線 近文〜旭川大町
2%
No matching quizzes found
Score Distribution
Percent of People with Each Score
Percentile by Number Answered
Your Score History
You have not taken this quiz